[Event "Titled Tuesday intern op 05th Dec Late"]
[Site "Chess.com INT"]
[Date "2023.12.05"]
[Round "9"]
[White "Rees, Ioan"]
[Black "Teumer, Joerg"]
[Result "1-0"]
[WhiteElo "2273"]
[BlackElo "2148"]
[PlyCount "121"]
[EventDate "2023.12.05"]
[EventType "swiss (blitz)"]
[EventRounds "11"]
[EventCountry "USA"]
[SourceTitle "EXT 2025"]
[Source "ChessBase"]
[SourceDate "2024.10.14"]
[SourceVersion "1"]
[SourceVersionDate "2024.10.14"]
[SourceQuality "1"]

1. e4 c6 2. Nc3 d5 3. Nf3 dxe4 4. Nxe4 Nf6 5. Qe2 Nxe4 6. Qxe4 Nd7 7. Bc4 Nf6 8. Ne5 e6 9. Qe2 Bd6 10. d4 0-0 11. Bg5 Be7 12. 0-0-0 Nd5 13. Bxe7 Qxe7 14. Kb1 Qd6 15. h4 c5 16. dxc5 Qxc5 17. Bxd5 exd5 18. Qd2 Be6 19. h5 Rfe8 20. h6 g6 21. Nd3 Qd4 22. Nf4 Qxd2 23. Rxd2 Rad8 24. Rhd1 Kf8 25. b3 Rd6 26. Kc1 Red8 27. Rd4 Ke7 28. f3 b6 29. g4 f6 30. Re1 Kf7 31. c3 R8d7 32. Kd2 Rd8 33. a4 R8d7 34. Ra1 Rd8 35. a5 b5 36. Nd3 Bc8 37. Nc5 a6 38. Re1 Re8 39. Rxe8 Kxe8 40. Rd3 Kf7 41. Ke3 g5 42. Kd4 Kg6 43. Re3 Kf7 44. Re1 Kf8 45. Nd3 Kf7 46. Nb4 Kg6 47. Nxd5 Bb7 48. c4 bxc4 49. bxc4 Kxh6 50. Re7 Bxd5 51. cxd5 Kg6 52. Kc5 Rd8 53. d6 f5 54. Re6+ Kf7 55. gxf5 h5 56. Rh6 h4 57. Kc6 Rc8+ 58. Kb7 Rd8 59. Kc7 Ra8 60. d7 Ra7+ 61. Kc6 1-0

[Event "Titled Tuesday intern op 05th Dec Early"]
[Site "Chess.com INT"]
[Date "2023.12.05"]
[Round "10"]
[White "Skiadopoulos, Nikolaos"]
[Black "Teumer, Joerg"]
[Result "1/2-1/2"]
[WhiteElo "1854"]
[BlackElo "2148"]
[PlyCount "174"]
[EventDate "2023.12.05"]
[EventType "swiss (blitz)"]
[EventRounds "11"]
[EventCountry "USA"]
[SourceTitle "EXT 2025"]
[Source "ChessBase"]
[SourceDate "2024.10.14"]
[SourceVersion "1"]
[SourceVersionDate "2024.10.14"]
[SourceQuality "1"]

1. e4 d5 2. d4 dxe4 3. Nc3 Nf6 4. f3 exf3 5. Qxf3 c6 6. h3 Nd5 7. Bd2 e6 8. 0-0-0 Be7 9. Bd3 Nd7 10. Nge2 Nxc3 11. Nxc3 Nf6 12. Be3 Bb4 13. Ne4 Nxe4 14. Bxe4 Bd7 15. Rhf1 Qe7 16. Qg3 f6 17. Bxh7 0-0-0 18. Bd3 Bd6 19. Bf4 Bxf4+ 20. Qxf4 Be8 21. c3 Qd6 22. Qxd6 Rxd6 23. Rde1 Bf7 24. Bc4 Re8 25. Re3 Kc7 26. Rfe1 a5 27. a4 b6 28. Kd2 Kd7 29. Kc1 Re7 30. R3e2 Bg6 31. Re3 Bf5 32. Bd3 Bxd3 33. Rxd3 e5 34. Rde3 Rde6 35. dxe5 fxe5 36. Re4 Kd6 37. Kd2 Rf7 38. Ke3 Ref6 39. Rd1+ Ke6 40. b4 axb4 41. Rxb4 Rb7 42. a5 b5 43. c4 Rf4 44. Rdb1 Kd6 45. cxb5 Rxb4 46. Rxb4 cxb5 47. a6 Rb6 48. a7 Ra6 49. Rxb5 Rxa7 50. Rb6+ Kd5 51. Rg6 Ra3+ 52. Kf2 Ra2+ 53. Kg3 e4 54. Rxg7 Ke5 55. Re7+ Kf5 56. h4 Ra3+ 57. Kf2 Kf4 58. Rf7+ Ke5 59. Re7+ Kf5 60. Rf7+ Ke5 61. Re7+ Kf5 62. h5 Ra2+ 63. Kg3 Kg5 64. Rxe4 Kxh5 65. Re5+ Kg6 66. Kf3 Ra3+ 67. Kf4 Ra4+ 68. Re4 Ra2 69. g4 Ra1 70. Re6+ Kg7 71. Rb6 Rf1+ 72. Kg5 Rc1 73. Rb7+ Kg8 74. Kg6 Rc6+ 75. Kh5 Ra6 76. g5 Rc6 77. g6 Rc8 78. Kh6 Kh8 79. Rh7+ Kg8 80. Rg7+ Kh8 81. Rf7 Kg8 82. Rd7 Kh8 83. g7+ Kg8 84. Rd6 Rb8 85. Rf6 Rc8 86. Rf8+ Rxf8 87. gxf8Q+ Kxf8 1/2-1/2

[Event "Titled Tuesday intern op 05th Dec Early"]
[Site "Chess.com INT"]
[Date "2023.12.05"]
[Round "9"]
[White "Teumer, Joerg"]
[Black "Subramanian, Anusha"]
[Result "0-1"]
[WhiteElo "2148"]
[BlackElo "2013"]
[PlyCount "58"]
[EventDate "2023.12.05"]
[EventType "swiss (blitz)"]
[EventRounds "11"]
[EventCountry "USA"]
[SourceTitle "EXT 2025"]
[Source "ChessBase"]
[SourceDate "2024.10.14"]
[SourceVersion "1"]
[SourceVersionDate "2024.10.14"]
[SourceQuality "1"]

1. f4 d5 2. Nf3 c5 3. e3 Nc6 4. b3 Nf6 5. Bb2 e6 6. Bb5 a6 7. Bxc6+ bxc6 8. Ne5 Qc7 9. 0-0 Be7 10. d3 0-0 11. Rf3 Rd8 12. Rh3 d4 13. e4 Bd6 14. Nd2 Bxe5 15. fxe5 Qxe5 16. Nf3 Qc7 17. Bc1 e5 18. Rg3 Be6 19. Nh4 Qd7 20. Bg5 Bg4 21. Qd2 Nh5 22. Rf1 Nxg3 23. hxg3 f6 24. Bxf6 gxf6 25. Rxf6 Rf8 26. Qg5+ Qg7 27. Qxg7+ Kxg7 28. Rxc6 Rfc8 29. Rd6 Ra7 0-1

[Event "Titled Tuesday intern op 28th Nov Late"]
[Site "Chess.com INT"]
[Date "2023.11.28"]
[Round "3"]
[White "Teumer, Joerg"]
[Black "Lin, Dachey"]
[Result "0-1"]
[WhiteElo "2148"]
[BlackElo "2303"]
[PlyCount "56"]
[EventDate "2023.11.28"]
[EventType "swiss (blitz)"]
[EventRounds "11"]
[EventCountry "USA"]
[SourceTitle "EXT 2025"]
[Source "ChessBase"]
[SourceDate "2024.10.14"]
[SourceVersion "1"]
[SourceVersionDate "2024.10.14"]
[SourceQuality "1"]

1. d4 g5 2. Bxg5 c5 3. dxc5 Bg7 4. c3 Na6 5. Nf3 Nxc5 6. e3 d6 7. Be2 Nf6 8. Nbd2 Qb6 9. Nb3 Nce4 10. Bxf6 Bxf6 11. Bd3 Nc5 12. Nxc5 dxc5 13. Qc2 Be6 14. a4 Bb3 15. Qe2 0-0-0 16. a5 Qc6 17. 0-0 Rhg8 18. Kh1 Qe6 19. a6 b6 20. Rfe1 Rxg2 21. Kxg2 Qg4+ 22. Kh1 Rxd3 23. Qxd3 Qxf3+ 24. Kg1 Bd5 25. Kf1 c4 26. Qxh7 Qg2+ 27. Ke2 Bf3+ 28. Kd2 Qxf2+ 0-1

[Event "Titled Tuesday intern op 21st Nov Late"]
[Site "Chess.com INT"]
[Date "2023.11.21"]
[Round "5"]
[White "Rios Escobar, Adan"]
[Black "Teumer, Joerg"]
[Result "1-0"]
[WhiteElo "2234"]
[BlackElo "2148"]
[PlyCount "89"]
[EventDate "2023.11.21"]
[EventType "swiss (blitz)"]
[EventRounds "11"]
[EventCountry "USA"]
[SourceTitle "EXT 2025"]
[Source "ChessBase"]
[SourceDate "2024.10.14"]
[SourceVersion "1"]
[SourceVersionDate "2024.10.14"]
[SourceQuality "1"]

1. Nf3 Nf6 2. c4 e6 3. Nc3 b6 4. g3 Bb7 5. Bg2 Be7 6. 0-0 0-0 7. d4 Ne4 8. Re1 Nxc3 9. bxc3 d6 10. e4 Nd7 11. a4 a5 12. Nd2 e5 13. f4 Bf6 14. Nf3 Qe7 15. Ra2 g6 16. Ba3 c5 17. fxe5 dxe5 18. d5 Qd6 19. Bc1 Ba6 20. Bf1 Bg7 21. Rf2 Rae8 22. Qc2 h6 23. Bd2 Kh7 24. h4 f5 25. h5 Bf6 26. hxg6+ Kxg6 27. exf5+ Kh7 28. g4 Rg8 29. Nh2 Rg7 30. Re4 Reg8 31. Rg2 Bg5 32. Qc1 Nf6 33. Re1 Bxd2 34. Qxd2 e4 35. Be2 Bc8 36. Qe3 Qe5 37. Bd1 Bd7 38. Kh1 Qe7 39. Ree2 Qe5 40. Re1 Bc8 41. Nf3 Qe7 42. Nh4 Ne8 43. Ng6 Qg5 44. Qxg5 hxg5 45. Rh2# 1-0

[Event "Titled Tuesday intern op 21st Nov Early"]
[Site "Chess.com INT"]
[Date "2023.11.21"]
[Round "6"]
[White "Teumer, Joerg"]
[Black "Cnejev, Vladimir Alexandru"]
[Result "1-0"]
[WhiteElo "2148"]
[BlackElo "2309"]
[PlyCount "89"]
[EventDate "2023.11.21"]
[EventType "swiss (blitz)"]
[EventRounds "11"]
[EventCountry "USA"]
[SourceTitle "EXT 2025"]
[Source "ChessBase"]
[SourceDate "2024.10.14"]
[SourceVersion "1"]
[SourceVersionDate "2024.10.14"]
[SourceQuality "1"]

1. d4 Nf6 2. Bg5 d5 3. Bxf6 gxf6 4. e3 e6 5. c3 c5 6. Nf3 Nc6 7. g3 b6 8. Bg2 Be7 9. 0-0 h5 10. h4 Qc7 11. Nbd2 e5 12. c4 dxc4 13. Nxc4 Be6 14. b3 0-0-0 15. Qc2 Kb8 16. dxc5 Bxc5 17. Rfd1 f5 18. Qc3 f6 19. Rac1 f4 20. a3 fxg3 21. fxg3 e4 22. Nd4 Nxd4 23. exd4 Rxd4 24. Rxd4 Rd8 25. Rcd1 Rxd4 26. Rxd4 Qd7 27. Kh2 Qd8 28. Rxe4 Bd5 29. Re2 Bxg2 30. Rxg2 Kb7 31. Qf3+ Ka6 32. Qe2 Kb7 33. Ne3 Qe7 34. Nf5 Qd7 35. Qf3+ Ka6 36. b4 Bf8 37. a4 Qxa4 38. Qd3+ Qb5 39. Ra2+ Kb7 40. Qxb5 a6 41. Qd7+ Kb8 42. Rc2 Bc5 43. bxc5 b5 44. Rb2 b4 45. c6 1-0

[Event "Titled Tuesday intern op 21st Nov Early"]
[Site "Chess.com INT"]
[Date "2023.11.21"]
[Round "9"]
[White "Teumer, Joerg"]
[Black "Gavrilov, Maxim"]
[Result "0-1"]
[WhiteElo "2148"]
[BlackElo "2186"]
[PlyCount "78"]
[EventDate "2023.11.21"]
[EventType "swiss (blitz)"]
[EventRounds "11"]
[EventCountry "USA"]
[SourceTitle "EXT 2025"]
[Source "ChessBase"]
[SourceDate "2024.10.14"]
[SourceVersion "1"]
[SourceVersionDate "2024.10.14"]
[SourceQuality "1"]

1. d4 d5 2. Bg5 h6 3. Bh4 c6 4. Nf3 Qb6 5. b3 Bf5 6. c3 e6 7. e3 Nd7 8. Bd3 Bxd3 9. Qxd3 Ngf6 10. 0-0 Bd6 11. Nbd2 0-0 12. Rfe1 Rfe8 13. e4 dxe4 14. Nxe4 Be7 15. Nxf6+ Bxf6 16. Bxf6 Nxf6 17. Rad1 Rad8 18. Qe2 Nd5 19. Rc1 c5 20. dxc5 Qxc5 21. c4 Nf4 22. Qe3 Qxe3 23. Rxe3 f6 24. g3 Ng6 25. Kf1 e5 26. Ke2 e4 27. Nd2 f5 28. f4 Ne7 29. Rec3 Nc6 30. Nf1 Nd4+ 31. Kf2 Nf3 32. R1c2 Rd1 33. h4 Red8 34. Ne3 R8d2+ 35. Rxd2 Rxd2+ 36. Kf1 g6 37. Rc2 Rd3 38. Nd5 Kf7 39. Nb4 Nd4 0-1

[Event "Titled Tuesday intern op 21st Nov Late"]
[Site "Chess.com INT"]
[Date "2023.11.21"]
[Round "10"]
[White "Teumer, Joerg"]
[Black "Qiao, Cindy"]
[Result "0-1"]
[WhiteElo "2148"]
[BlackElo "1785"]
[PlyCount "134"]
[EventDate "2023.11.21"]
[EventType "swiss (blitz)"]
[EventRounds "11"]
[EventCountry "USA"]
[SourceTitle "EXT 2025"]
[Source "ChessBase"]
[SourceDate "2024.10.14"]
[SourceVersion "1"]
[SourceVersionDate "2024.10.14"]
[SourceQuality "1"]

1. d4 d5 2. Bg5 Nf6 3. Bxf6 exf6 4. e3 c6 5. c4 dxc4 6. Bxc4 Bd6 7. Nf3 0-0 8. Nc3 Bg4 9. h3 Bh5 10. Be2 Nd7 11. Rc1 Re8 12. 0-0 Rc8 13. Nh4 Bxe2 14. Qxe2 Nb6 15. Qg4 g6 16. Qd1 Bb8 17. Nf3 Qd6 18. Na4 Nxa4 19. Qxa4 a6 20. Qc4 Qe6 21. b3 Kg7 22. Rfd1 Red8 23. Rc2 h6 24. Rdc1 f5 25. Qxe6 fxe6 26. Kf1 Kf6 27. Nd2 e5 28. dxe5+ Bxe5 29. Nc4 Bc7 30. Ke2 Rd5 31. Rd1 Rcd8 32. Rcd2 Ke6 33. f3 Rxd2+ 34. Rxd2 Rxd2+ 35. Kxd2 Kd5 36. Kd3 b5 37. Nd2 c5 38. e4+ Ke6 39. g4 fxg4 40. fxg4 Bf4 41. Nf3 h5 42. a4 Kd6 43. axb5 axb5 44. Kc3 Kc6 45. Kd3 Kd6 46. Kc3 Kc6 47. Kd3 Kd7 48. Kc3 Kc7 49. Kd3 Kb6 50. Kc3 Ka5 51. Nh4 hxg4 52. hxg4 Be5+ 53. Kd3 g5 54. Nf5 Kb4 55. Kc2 c4 56. bxc4 Kxc4 57. Kd2 Kb3 58. Kd3 b4 59. Ne7 Ka2 60. Nc6 Bd6 61. e5 Bc5 62. e6 b3 63. Na5 b2 64. Nc4 b1Q+ 65. Kc3 Qg1 66. Ne5 Qd4+ 67. Kc2 Qxe5 0-1

[Event "Titled Tuesday intern op 21st Nov Late"]
[Site "Chess.com INT"]
[Date "2023.11.21"]
[Round "4"]
[White "Teumer, Joerg"]
[Black "Reprintsev, Alexander"]
[Result "0-1"]
[WhiteElo "2148"]
[BlackElo "2227"]
[PlyCount "86"]
[EventDate "2023.11.21"]
[EventType "swiss (blitz)"]
[EventRounds "11"]
[EventCountry "USA"]
[SourceTitle "EXT 2025"]
[Source "ChessBase"]
[SourceDate "2024.10.14"]
[SourceVersion "1"]
[SourceVersionDate "2024.10.14"]
[SourceQuality "1"]

1. d4 d5 2. Bg5 Nc6 3. Nf3 f6 4. Bf4 Bg4 5. h3 Bxf3 6. exf3 e5 7. Be3 exd4 8. Bxd4 Nxd4 9. Qxd4 Qe7+ 10. Qe3 0-0-0 11. Qxe7 Nxe7 12. Nd2 Nc6 13. 0-0-0 Bc5 14. Bb5 Nd4 15. Bd3 g6 16. Rde1 Rhe8 17. Kd1 c6 18. Rxe8 Rxe8 19. Re1 Rd8 20. Nf1 a6 21. Ne3 Nb5 22. Re2 Nd6 23. Ng4 Rf8 24. a3 Kd7 25. Ke1 b5 26. Kd1 Bb6 27. Ne3 Nc4 28. b3 Nb2+ 29. Kd2 Nxd3 30. Kxd3 Kd6 31. Nd1 f5 32. Nc3 a5 33. Nd1 h5 34. Nc3 g5 35. Nd1 Bc7 36. Ne3 Kd7 37. Nd1 Bd6 38. a4 bxa4 39. bxa4 Rb8 40. Nc3 Rb4 41. Re1 Rc4 42. Ra1 Bb4 43. Ne2 Bc5 0-1

[Event "Titled Tuesday intern op 14th Nov Late"]
[Site "Chess.com INT"]
[Date "2023.11.14"]
[Round "7"]
[White "Gerbelli Neto, Eduardo"]
[Black "Teumer, Joerg"]
[Result "0-1"]
[WhiteElo "2114"]
[BlackElo "2148"]
[PlyCount "42"]
[EventDate "2023.11.14"]
[EventType "swiss (blitz)"]
[EventRounds "11"]
[EventCountry "USA"]
[SourceTitle "EXT 2025"]
[Source "ChessBase"]
[SourceDate "2024.10.14"]
[SourceVersion "1"]
[SourceVersionDate "2024.10.14"]
[SourceQuality "1"]

1. e4 d5 2. exd5 Nf6 3. d4 Nxd5 4. c4 Nb6 5. Nc3 e5 6. dxe5 Qxd1+ 7. Nxd1 Nc6 8. Nf3 Bg4 9. Bf4 Bxf3 10. gxf3 Nd4 11. Ne3 Nxf3+ 12. Ke2 Nd4+ 13. Kd3 0-0-0 14. Ke4 Ne6 15. Rd1 Bc5 16. b3 Rxd1 17. Nxd1 Rd8 18. Bh3 Rd4+ 19. Kf3 Rxf4+ 20. Kg3 Rd4 21. Ne3 Rd3 0-1

[Event "Titled Tuesday intern op 14th Nov Late"]
[Site "Chess.com INT"]
[Date "2023.11.14"]
[Round "9"]
[White "Hajiyev, Kanan"]
[Black "Teumer, Joerg"]
[Result "1-0"]
[WhiteElo "2124"]
[BlackElo "2148"]
[PlyCount "61"]
[EventDate "2023.11.14"]
[EventType "swiss (blitz)"]
[EventRounds "11"]
[EventCountry "USA"]
[SourceTitle "EXT 2025"]
[Source "ChessBase"]
[SourceDate "2024.10.14"]
[SourceVersion "1"]
[SourceVersionDate "2024.10.14"]
[SourceQuality "1"]

1. d4 e6 2. Nf3 Nf6 3. c4 Bb4+ 4. Bd2 Qe7 5. Nc3 0-0 6. e3 c5 7. dxc5 Na6 8. a3 Bxc3 9. Bxc3 Nxc5 10. Be5 d5 11. Be2 Rd8 12. Qc2 a5 13. 0-0 a4 14. Nd4 Bd7 15. Bxf6 gxf6 16. cxd5 exd5 17. Rac1 Rac8 18. Bd3 Ne4 19. Qe2 Be6 20. Qh5 Rxc1 21. Rxc1 f5 22. Nxf5 Qf6 23. Bxe4 dxe4 24. Nd4 Bb3 25. Rc8 Rxc8 26. Qg4+ Kf8 27. Qxc8+ Kg7 28. Qg4+ Kh8 29. Qxe4 Qd6 30. Qe8+ Kg7 31. Nf5+ 1-0

[Event "Titled Tuesday intern op 14th Nov Late"]
[Site "Chess.com INT"]
[Date "2023.11.14"]
[Round "10"]
[White "Su, Dion"]
[Black "Teumer, Joerg"]
[Result "1-0"]
[WhiteElo "1922"]
[BlackElo "2148"]
[PlyCount "67"]
[EventDate "2023.11.14"]
[EventType "swiss (blitz)"]
[EventRounds "11"]
[EventCountry "USA"]
[SourceTitle "EXT 2025"]
[Source "ChessBase"]
[SourceDate "2024.10.14"]
[SourceVersion "1"]
[SourceVersionDate "2024.10.14"]
[SourceQuality "1"]

1. e4 d5 2. exd5 Nf6 3. Nc3 Nxd5 4. Nf3 Bf5 5. Bc4 e6 6. 0-0 Be7 7. d4 0-0 8. Re1 c6 9. h3 Nd7 10. Ne2 N7f6 11. Ng3 Bg6 12. Ne5 Bd6 13. h4 Bxe5 14. dxe5 Nd7 15. h5 Bf5 16. Nxf5 exf5 17. h6 N7b6 18. hxg7 Kxg7 19. Bb3 Qh4 20. Qf3 Qg4 21. Qe2 Qxe2 22. Rxe2 Rfe8 23. c4 Ne7 24. Bd2 Ng6 25. Rae1 Rad8 26. Bc3 Kh6 27. g3 Nd7 28. Kg2 f6 29. exf6 Rxe2 30. Rxe2 f4 31. Rd2 fxg3 32. fxg3 Ngf8 33. f7 Rc8 34. Rd6+ 1-0

[Event "Titled Tuesday intern op 14th Nov Late"]
[Site "Chess.com INT"]
[Date "2023.11.14"]
[Round "8"]
[White "Teumer, Joerg"]
[Black "Mushini, Ajay"]
[Result "1-0"]
[WhiteElo "2148"]
[BlackElo "2301"]
[PlyCount "93"]
[EventDate "2023.11.14"]
[EventType "swiss (blitz)"]
[EventRounds "11"]
[EventCountry "USA"]
[SourceTitle "EXT 2025"]
[Source "ChessBase"]
[SourceDate "2024.10.14"]
[SourceVersion "1"]
[SourceVersionDate "2024.10.14"]
[SourceQuality "1"]

1. d4 d5 2. Bg5 c6 3. e3 Nf6 4. Bxf6 exf6 5. c4 dxc4 6. Bxc4 Bd6 7. Nc3 0-0 8. Nf3 Nd7 9. Rc1 f5 10. 0-0 Nf6 11. Qc2 Qe7 12. Bd3 g6 13. Rfe1 Be6 14. b3 Ba3 15. Rcd1 Bb4 16. Rf1 Rad8 17. Ne5 Nd5 18. Nxd5 Bxd5 19. Bc4 Kg7 20. Bxd5 Rxd5 21. Nd3 Bd6 22. g3 h5 23. h4 Rh8 24. Rde1 g5 25. hxg5 h4 26. Nf4 Qxg5 27. Kg2 hxg3 28. fxg3 Bb4 29. Rd1 Rd6 30. Rh1 Rdh6 31. Qf2 Qg4 32. Rdg1 c5 33. Rxh6 Rxh6 34. Rh1 Rxh1 35. Kxh1 Qd1+ 36. Kg2 Bd2 37. dxc5 Qc1 38. Qe2 Bxe3 39. Nd3 Qg1+ 40. Kf3 Bxc5 41. Qe5+ Kg6 42. Nxc5 Qh1+ 43. Ke3 Qe1+ 44. Kd4 Qa1+ 45. Kd5 Qd1+ 46. Qd4 Qf3+ 47. Kc4 1-0

[Event "Titled Tuesday intern op 07th Nov Late"]
[Site "Chess.com INT"]
[Date "2023.11.07"]
[Round "4"]
[White "Perea Fruet, Lorenzo"]
[Black "Teumer, Joerg"]
[Result "1-0"]
[WhiteElo "2187"]
[BlackElo "2148"]
[PlyCount "77"]
[EventDate "2023.11.07"]
[EventType "swiss (blitz)"]
[EventRounds "11"]
[EventCountry "USA"]
[SourceTitle "EXT 2025"]
[Source "ChessBase"]
[SourceDate "2024.10.14"]
[SourceVersion "1"]
[SourceVersionDate "2024.10.14"]
[SourceQuality "1"]

1. f4 f5 2. Nf3 Nf6 3. d3 e6 4. Nbd2 d6 5. e4 fxe4 6. dxe4 Nc6 7. c3 Be7 8. Bd3 e5 9. 0-0 exf4 10. Bc4 Ne5 11. Bb3 Bg4 12. h3 Bh5 13. Qe2 Qd7 14. a4 0-0-0 15. a5 a6 16. Qf2 Kb8 17. Nd4 g5 18. Be6 Qe8 19. N2f3 Nxe4 20. Qe1 Nxf3+ 21. Nxf3 Nc5 22. Bd5 Bf6 23. Qf2 Bf7 24. Bxf7 Qxf7 25. b4 Ne4 26. Qc2 Rhe8 27. Bb2 Ng3 28. Rf2 Re3 29. b5 Rde8 30. bxa6 bxa6 31. Rb1 Ka8 32. Qa4 Qd5 33. Kh2 g4 34. c4 Qb7 35. Bxf6 Qxb1 36. Qc6+ Qb7 37. Qd7 gxf3 38. Rb2 Qa7 39. Qc6+ 1-0

[Event "Titled Tuesday intern op 07th Nov Late"]
[Site "Chess.com INT"]
[Date "2023.11.07"]
[Round "6"]
[White "Teumer, Joerg"]
[Black "Dias, Joao Batista de Sou"]
[Result "1-0"]
[WhiteElo "2148"]
[BlackElo "1746"]
[PlyCount "97"]
[EventDate "2023.11.07"]
[EventType "swiss (blitz)"]
[EventRounds "11"]
[EventCountry "USA"]
[SourceTitle "EXT 2025"]
[Source "ChessBase"]
[SourceDate "2024.10.14"]
[SourceVersion "1"]
[SourceVersionDate "2024.10.14"]
[SourceQuality "1"]

1. d4 d5 2. Nf3 Nc6 3. Bf4 Nf6 4. e3 g6 5. h3 Bg7 6. Be2 0-0 7. 0-0 Re8 8. c4 e6 9. Nc3 Ne4 10. Nxe4 dxe4 11. Nd2 f5 12. a3 e5 13. dxe5 Nxe5 14. Qc2 Be6 15. Rfd1 Qe7 16. Rac1 Rad8 17. Nb3 Nd3 18. Bxd3 exd3 19. Qd2 c5 20. Re1 b6 21. Rcd1 Qf6 22. Bg3 Bxc4 23. Nc1 Qxb2 24. Bc7 Rd7 25. Bf4 Ba6 26. e4 fxe4 27. f3 c4 28. fxe4 c3 29. Qxb2 cxb2 30. Nb3 Bc3 31. Rf1 Rxe4 32. Bd2 Bg7 33. Bb4 Bc4 34. Nd2 Bd4+ 35. Kh1 a5 36. Nxe4 axb4 37. axb4 d2 38. Nf6+ Kg7 39. Nxd7 Bxf1 40. Rxf1 Bf2 41. Rd1 Kf7 42. Ne5+ Ke6 43. Nc4 Be1 44. Nxb2 Kd5 45. Nd3 Kd4 46. Nxe1 Ke3 47. Nf3 Ke2 48. Rxd2+ Kf1 49. Rd6 1-0

[Event "Titled Tuesday intern op 31st Oct Late"]
[Site "Chess.com INT"]
[Date "2023.10.31"]
[Round "1"]
[White "Bazilius, Augustinas"]
[Black "Teumer, Joerg"]
[Result "0-1"]
[WhiteElo "2138"]
[BlackElo "2148"]
[PlyCount "148"]
[EventDate "2023.10.31"]
[EventType "swiss (blitz)"]
[EventRounds "11"]
[EventCountry "USA"]
[SourceTitle "EXT 2025"]
[Source "ChessBase"]
[SourceDate "2024.10.14"]
[SourceVersion "1"]
[SourceVersionDate "2024.10.14"]
[SourceQuality "1"]

1. d4 e6 2. c4 Nf6 3. Nf3 Bb4+ 4. Bd2 Qe7 5. g3 Nc6 6. e3 Ne4 7. Bg2 Bxd2+ 8. Nfxd2 Nxd2 9. Qxd2 d6 10. 0-0 0-0 11. Nc3 Re8 12. a3 e5 13. Nd5 Qd8 14. b4 exd4 15. exd4 Ne7 16. Nf4 Rb8 17. Rfe1 Bd7 18. a4 Ng6 19. Rxe8+ Bxe8 20. b5 Nxf4 21. Qxf4 Bd7 22. c5 dxc5 23. dxc5 Be6 24. a5 b6 25. axb6 axb6 26. c6 h6 27. h4 Rc8 28. Bf3 Qf6 29. Qxf6 gxf6 30. Be2 Kf8 31. f3 Ke7 32. Kf2 Kd6 33. Rd1+ Kc5 34. Rc1+ Kd6 35. Ra1 Kc5 36. g4 Bd5 37. Rc1+ Kb4 38. Rb1+ Kc5 39. Rc1+ Kb4 40. Rd1 Kc5 41. Ra1 Kb4 42. Re1 Kc5 43. Rb1 Kd6 44. Rd1 Kc5 45. Rb1 Kd6 46. Ke3 Kc5 47. Kd2 Rd8 48. Ke3 Kd6 49. Rd1 Kc5 50. Kf2 Rd6 51. Rc1+ Kd4 52. Rd1+ Ke5 53. Ra1 Re6 54. Ra7 Re7 55. Kg3 Kd6 56. Bd3 Kc5 57. Bf1 Bc4 58. Bxc4 Kxc4 59. Ra4+ Kxb5 60. Rf4 Re6 61. g5 hxg5 62. hxg5 fxg5 63. Rxf7 Kxc6 64. Kg4 b5 65. Kxg5 Rd6 66. f4 b4 67. f5 b3 68. Rf8 Kb7 69. Rh8 Rc6 70. Rh3 b2 71. f6 b1Q 72. f7 Qg1+ 73. Kf5 Qf1+ 74. Ke5 Qxh3 0-1

[Event "Titled Tuesday intern op 31st Oct Late"]
[Site "Chess.com INT"]
[Date "2023.10.31"]
[Round "3"]
[White "D'Arruda, Ricardo D"]
[Black "Teumer, Joerg"]
[Result "1/2-1/2"]
[WhiteElo "2271"]
[BlackElo "2148"]
[PlyCount "149"]
[EventDate "2023.10.31"]
[EventType "swiss (blitz)"]
[EventRounds "11"]
[EventCountry "USA"]
[SourceTitle "EXT 2025"]
[Source "ChessBase"]
[SourceDate "2024.10.14"]
[SourceVersion "1"]
[SourceVersionDate "2024.10.14"]
[SourceQuality "1"]

1. d4 e6 2. e4 d5 3. Nc3 dxe4 4. Nxe4 Bd7 5. Nf3 Bc6 6. Bd3 Nd7 7. 0-0 Ngf6 8. Qe2 Nxe4 9. Bxe4 Bxe4 10. Qxe4 c6 11. Bf4 Be7 12. c3 Nf6 13. Qe2 0-0 14. Rfe1 Re8 15. Rad1 Qa5 16. a3 Rad8 17. h3 Nd5 18. Bg3 Bd6 19. Ne5 Bxe5 20. Bxe5 Ne7 21. Qg4 Ng6 22. Bg3 Qb5 23. Rd2 Qf5 24. Qe2 Nf4 25. Qe4 Qxe4 26. Rxe4 Nd5 27. Rde2 Nf6 28. R4e3 Rd5 29. Be5 Nd7 30. Bg3 Nb6 31. Re1 h6 32. b3 Rd7 33. a4 Nd5 34. Rd3 Nf6 35. Red1 Red8 36. Be5 Nd5 37. Kf1 Ne7 38. g4 c5 39. Ke2 cxd4 40. Bxd4 a6 41. f4 Nc6 42. Bb6 Rxd3 43. Rxd3 Rxd3 44. Kxd3 Kf8 45. Ke4 Ke7 46. Bc5+ Ke8 47. b4 g6 48. f5 exf5+ 49. gxf5 Kd7 50. b5 axb5 51. axb5 Nd8 52. Ke5 gxf5 53. Kxf5 Ne6 54. Be3 h5 55. Kf6 Ke8 56. c4 Nc7 57. Kg5 Ke7 58. Kxh5 Kf6 59. Bf4 Ne6 60. Kg4 Nd4 61. h4 Nf5 62. h5 Nd4 63. Be3 Nb3 64. h6 Kg6 65. Kf3 Na5 66. c5 Nc4 67. c6 bxc6 68. bxc6 Ne5+ 69. Ke4 Nxc6 70. Bf4 Ne7 71. Bd2 Nf5 72. Ke5 Nxh6 73. Bxh6 Kxh6 74. Kf6 Kh5 75. Kxf7 1/2-1/2

[Event "Titled Tuesday intern op 31st Oct Late"]
[Site "Chess.com INT"]
[Date "2023.10.31"]
[Round "10"]
[White "Sarkar, Justin"]
[Black "Teumer, Joerg"]
[Result "1/2-1/2"]
[WhiteElo "2289"]
[BlackElo "2148"]
[PlyCount "106"]
[EventDate "2023.10.31"]
[EventType "swiss (blitz)"]
[EventRounds "11"]
[EventCountry "USA"]
[SourceTitle "EXT 2025"]
[Source "ChessBase"]
[SourceDate "2024.10.14"]
[SourceVersion "1"]
[SourceVersionDate "2024.10.14"]
[SourceQuality "1"]

1. d4 e6 2. e4 d5 3. Nc3 dxe4 4. Nxe4 Bd7 5. Nf3 Bc6 6. Bd3 Nd7 7. 0-0 Ngf6 8. Ned2 Be7 9. Re1 0-0 10. Ne5 Nxe5 11. dxe5 Nd7 12. Nb3 Nc5 13. Nxc5 Bxc5 14. Qh5 g6 15. Qh6 Re8 16. Bg5 Be7 17. h4 Bxg5 18. hxg5 Qe7 19. Rad1 Rad8 20. Re3 Qf8 21. Qxf8+ Kxf8 22. Be2 Rxd1+ 23. Bxd1 Rd8 24. Rd3 Rd5 25. Rxd5 Bxd5 26. a3 Ke7 27. f4 c5 28. Kf2 b6 29. g3 Be4 30. Ke3 Bc6 31. c3 Bb5 32. b4 cxb4 33. cxb4 Kd7 34. Bc2 Ke7 35. Be4 Bd7 36. Bc2 Bc8 37. Bd3 Bb7 38. Bc2 Kd7 39. Ba4+ Ke7 40. Bb3 Bg2 41. Ba4 Bb7 42. Bb5 Bc8 43. Kd4 Bb7 44. Ba4 Bc8 45. Bb5 Bb7 46. Ba4 Bc8 47. Bc6 Ba6 48. Ba4 Be2 49. Bc6 Bf1 50. Ba4 Be2 51. Bc6 Bf1 52. Ba4 Bg2 53. Bb5 Bb7 1/2-1/2

[Event "Titled Tuesday intern op 31st Oct Late"]
[Site "Chess.com INT"]
[Date "2023.10.31"]
[Round "5"]
[White "Teumer, Joerg"]
[Black "Blanco Ronquillo, Humberto L"]
[Result "0-1"]
[WhiteElo "2148"]
[BlackElo "2442"]
[PlyCount "28"]
[EventDate "2023.10.31"]
[EventType "swiss (blitz)"]
[EventRounds "11"]
[EventCountry "USA"]
[SourceTitle "EXT 2025"]
[Source "ChessBase"]
[SourceDate "2024.10.14"]
[SourceVersion "1"]
[SourceVersionDate "2024.10.14"]
[SourceQuality "1"]

1. f4 Nf6 2. Nf3 g6 3. e3 Bg7 4. d4 0-0 5. Bd3 c5 6. c3 d6 7. 0-0 Nc6 8. dxc5 dxc5 9. Be2 Qc7 10. Qc2 Bf5 11. Bd3 Bxd3 12. Qxd3 e5 13. Na3 e4 14. Nb5 Qb6 0-1